00374cam a22000977a 4500008004000000082002600040245010400066260006100170300000900231700003600240180718b1972 xxu||||| |||| 00| 0 eng d aR2303x5452 T152r/1968 aReport on the working of theminimum wages act in the state of Tamil NAducby Commissioner of Labour aTamilnadubThe Director of Stationery And Printingc1972 a38p. aChennai. Commissioner of Labour